Home Print Resources E-Books E-Journals IIMT Lecture Series Library Membership Form Book Recommendation Form Campus Tour Take AdmissionAbout Us Contact Us

FINANCIAL MARKETS & INSTITUTIONS (Record no. 9663)

000 -LEADER
fixed length control field 00312nam a2200133Ia 4500
003 - CONTROL NUMBER IDENTIFIER
control field OSt
005 - DATE AND TIME OF LATEST TRANSACTION
control field 20240304162621.0
008 - FIXED-LENGTH DATA ELEMENTS--GENERAL INFORMATION
fixed length control field 170524s9999 xx 000 0 und d
020 ## - INTERNATIONAL STANDARD BOOK NUMBER
International Standard Book Number 978-8182093973
040 ## - CATALOGING SOURCE
Transcribing agency iimtu meerut
100 ## - MAIN ENTRY--PERSONAL NAME
Personal name GURUSAMY- S
245 #0 - TITLE STATEMENT
Title FINANCIAL MARKETS & INSTITUTIONS
942 ## - ADDED ENTRY ELEMENTS (KOHA)
Source of classification or shelving scheme
Koha item type Book Bank
Holdings
Withdrawn status Lost status Source of classification or shelving scheme Damaged status Not for loan Home library Current library Date acquired Total Checkouts Barcode Date last seen Date last checked out Price effective from Koha item type Total Renewals
          IIMT University Central Library Meerut IIMT University Central Library Meerut 05/31/2017 1 01-B-95260 04/10/2019 04/10/2019 05/31/2017 Reference Book  
          IIMT University Central Library Meerut IIMT University Central Library Meerut 05/31/2017   01-B-95261 05/31/2017   05/31/2017 Book Bank  
          IIMT University Central Library Meerut IIMT University Central Library Meerut 05/31/2017 2 01-B-95262 10/16/2023 09/27/2023 05/31/2017 Book Bank 2
          IIMT University Central Library Meerut IIMT University Central Library Meerut 05/31/2017 1 01-B-95263 07/18/2023 05/19/2023 05/31/2017 Book Bank 2
IIMT, Central Library. All Rights Reserved IIMT,UNIVERSITY © 2023
Implemented and Customised by I CLOUDE EMS
You Are OPAC Visitor No
free web counter

Powered by Koha